| 000 | 00371nam a2200145Ia 4500 | ||
|---|---|---|---|
| 100 | _aMuzio/ J.C./ Wesselk amper T.C. | ||
| 650 | _aElectrical Engineering | ||
| 942 | _cBK | ||
| 654 | _amultiple valued switching theory | ||
| 245 | _aMulltiple- Valued Switching theory | ||
| 260 |
_bJaico _aBombay _c1993 |
||
| 082 | _a621.381537 | ||
| 546 | _aENGLISH | ||
| 999 |
_c24883 _d24883 |
||